Ley 100 de 1993 : (Registro nro. 142356)
[ vista simple ]
| 000 -CABECERA | |
|---|---|
| campo de control de longitud fija | 01036nam a2200289 u 4500 |
| 001 - NÚMERO DE CONTROL | |
| campo de control | 579831 |
| 003 - IDENTIFICADOR DEL NÚMERO DE CONTROL | |
| campo de control | CO-MdUADB |
| 005 - FECHA Y HORA DE LA ÚLTIMA TRANSACCIÓN | |
| campo de control | 20260506084252.0 |
| 008 - DATOS DE LONGITUD FIJA--INFORMACIÓN GENERAL | |
| campo de control de longitud fija | 000210s1999 spa |
| 020 ## - NÚMERO INTERNACIONAL ESTÁNDAR DEL LIBRO | |
| Número Internacional Estándar del Libro | 9589617115 |
| 035 ## - NÚMERO DE CONTROL DEL SISTEMA | |
| Número de control de sistema | 579831 |
| 035 ## - NÚMERO DE CONTROL DEL SISTEMA | |
| Número de control de sistema | (OCoLC)69924667 |
| 040 ## - FUENTE DE LA CATALOGACIÓN | |
| Centro catalogador/agencia de origen | CO-MdUADB |
| Lengua de catalogación | spa |
| Centro/agencia transcriptor | CO-MdUADB |
| Normas de descripción | rda |
| 041 ## - CÓDIGO DE LENGUA | |
| Código de lengua del texto/banda sonora o título independiente | spa |
| 050 #4 - SIGNATURA TOPOGRÁFICA DE LA BIBLIOTECA DEL CONGRESO | |
| Número de clasificación | HD |
| 100 1# - ENTRADA PRINCIPAL--NOMBRE DE PERSONA | |
| Nombre de persona | Patiño Restrepo, José Félix |
| Código de función | aut |
| Número de control del registro de autoridad o número normalizado | (viaf)13780616 |
| Término indicativo de función/relación | Autor/a |
| 9 (RLIN) | 283813 |
| 245 10 - TÍTULO PROPIAMENTE DICHO | |
| Título propiamente dicho | Ley 100 de 1993 : |
| Subtítulo o título paralelo | reforma y crisis de la salud : impacto de la reforma de la seguridad social en salud sobre la medicina como profesion y como ciencia |
| 264 #1 - PRODUCCIÓN, PUBLICACIÓN, DISTRIBUCIÓN, FABRICACIÓN Y COPYRIGHT | |
| Producción, publicación, distribución, fabricación y copyright | Santafé de Bogotá : |
| Nombre del de productor, editor, distribuidor, fabricante | Academia Nacional de Medicina, |
| Fecha de producción, publicación, distribución, fabricación o copyright | 1999. |
| 300 ## - DESCRIPCIÓN FÍSICA | |
| Extensión | 120 páginas |
| 650 ## - PUNTO DE ACCESO ADICIONAL DE MATERIA--TÉRMINO DE MATERIA | |
| Término de materia o nombre geográfico como elemento de entrada | Ley 100 de 1993 |
| 9 (RLIN) | 58116 |
| 650 ## - PUNTO DE ACCESO ADICIONAL DE MATERIA--TÉRMINO DE MATERIA | |
| Término de materia o nombre geográfico como elemento de entrada | Salud - Legislación |
| 9 (RLIN) | 119495 |
| 650 ## - PUNTO DE ACCESO ADICIONAL DE MATERIA--TÉRMINO DE MATERIA | |
| Término de materia o nombre geográfico como elemento de entrada | Reforma de los sistemas de salud |
| 9 (RLIN) | 16602 |
| 650 #7 - PUNTO DE ACCESO ADICIONAL DE MATERIA--TÉRMINO DE MATERIA | |
| Término de materia o nombre geográfico como elemento de entrada | Seguridad social |
| Fuente del encabezamiento o término | embne |
| 9 (RLIN) | 35032 |
| 651 #7 - PUNTO DE ACCESO ADICIONAL DE MATERIA--NOMBRE GEOGRÁFICO | |
| Nombre geográfico | Colombia |
| Fuente del encabezamiento o término | embne |
| 9 (RLIN) | 870547 |
| 710 20 - ENTRADA AGREGADA--NOMBRE DE ENTIDAD CORPORATIVA | |
| Nombre de entidad corporativa o nombre de jurisdicción como elemento de entrada | Academia Nacional de Medicina de Colombia |
| Unidad subordinada | |
| Código de función | aut |
| Término indicativo de función/relación | Autor/a |
| 9 (RLIN) | 830232 |
| 942 ## - ELEMENTOS DE ENTRADA AGREGADA (KOHA) | |
| Tipo de ítem Koha | Libros |
| Fuente del sistema de clasificación o colocación | Clasificación Decimal Dewey |
| Estado de retiro | Estado de pérdida | Estado dañado | No para préstamo | Código de colección | Localización permanente | Ubicación/localización actual | Fecha de adquisición | Número de inventario | Total de préstamos | Signatura topográfica completa | Código de barras | Fecha visto por última vez | Número de copia | Precio válido a partir de | Tipo de ítem Koha |
|---|---|---|---|---|---|---|---|---|---|---|---|---|---|---|---|
| Colección Semiactiva | Biblioteca de Salud Pública, Campus Medellín | Biblioteca de Salud Pública, Campus Medellín | 08/08/2000 | C646883 | HD7091 P3-99 e1 | 61000002322291 | 23/04/2023 | 1 | 23/04/2023 | Libros | |||||
| Colección General | Instituto de Educación Física. Robledo | Instituto de Educación Física. Robledo | 26/10/2004 | C844394 | HD7090 P3 1999 | 0558529 | 22/04/2023 | 3 | 22/04/2023 | Libros |